Country Shapes of North America - Statistics

General Stats
  • This quiz has been taken 368 times
  • The average score is 19 of 23
Answer Stats
Picture Answer % Correct
United States
100%
Canada
99%
Mexico
99%
Cuba
96%
Panama
94%
Haiti
92%
Bahamas
90%
Nicaragua
88%
Guatemala
87%
Dominican Republic
85%
Costa Rica
84%
Honduras
82%
Jamaica
81%
Trinidad and Tobago
81%
El Salvador
79%
Belize
77%
Saint Kitts and Nevis
77%
Antigua and Barbuda
75%
Saint Lucia
73%
Saint Vincent and the Grenadines
73%
Barbados
71%
Dominica
70%
Grenada
66%
No matching quizzes found
Score Distribution
Percent of People with Each Score
Percentile by Number Answered
Your Score History
You have not taken this quiz